Online katalóg knižníc regiónu Turca

Zvířátka z Kouzelného lesa. (Record no. 21583)

MARC details
000 -LEADER
fixed length control field 02224nam a2200481 i 4500
001 - CONTROL NUMBER
control field 21583
003 - CONTROL NUMBER IDENTIFIER
control field CZ PrNK
005 - DATE AND TIME OF LATEST TRANSACTION
control field 20260306123454.0
007 - PHYSICAL DESCRIPTION FIXED FIELD--GENERAL INFORMATION
fixed length control field ta
008 - FIXED-LENGTH DATA ELEMENTS--GENERAL INFORMATION
fixed length control field 210526s2021 xr a b 000 j cze
015 ## - NATIONAL BIBLIOGRAPHY NUMBER
National bibliography number cnb003325290
020 ## - INTERNATIONAL STANDARD BOOK NUMBER
International Standard Book Number 9788025351611
Qualifying information (vázáno) :
Terms of availability Kč 169,00
035 ## - SYSTEM CONTROL NUMBER
System control number (OCoLC)1263269836
040 ## - CATALOGING SOURCE
Original cataloging agency ABG001
Language of cataloging cze
Modifying agency ABA001
Description conventions rda
041 1# - LANGUAGE CODE
Language code of text/sound track or separate title cze
Language code of original eng
072 #7 - SUBJECT CATEGORY CODE
Subject category code 821.111-3
Subject category code subdivision Anglická próza, anglicky psaná
Source Konspekt
072 #7 - SUBJECT CATEGORY CODE
Subject category code 821-93
Subject category code subdivision Literatura pro děti a mládež (beletrie)
Source Konspekt
080 ## - UNIVERSAL DECIMAL CLASSIFICATION NUMBER
Universal Decimal Classification number 821.111-32
Edition identifier MRF
080 ## - UNIVERSAL DECIMAL CLASSIFICATION NUMBER
Universal Decimal Classification number 821-93
Edition identifier MRF
080 ## - UNIVERSAL DECIMAL CLASSIFICATION NUMBER
Universal Decimal Classification number (0:82-32)
Edition identifier MRF
100 1# - MAIN ENTRY--PERSONAL NAME
Personal name Small, Lily
Relationship aut
240 10 - UNIFORM TITLE
Uniform title Sophie the Squirrel.
Language of a work Česky
245 10 - TITLE STATEMENT
Title Zvířátka z Kouzelného lesa.
Name of part/section of a work Veverka Viki /
Statement of responsibility, etc. Lily Small ; z anglického originálu Fairy animals of Misty wood - Sophie the Squirrel přeložila Alžběta Kalinová
246 30 - VARYING FORM OF TITLE
Title proper/short title Veverka Viki
250 ## - EDITION STATEMENT
Edition statement 2. vydání
264 #1 - PRODUCTION, PUBLICATION, DISTRIBUTION, MANUFACTURE, AND COPYRIGHT NOTICE
Place of production, publication, distribution, manufacture Praha :
Name of producer, publisher, distributor, manufacturer Fragment,
Date of production, publication, distribution, manufacture, or copyright notice 2021
300 ## - PHYSICAL DESCRIPTION
Extent 111 stran :
Other physical details ilustrace ;
Dimensions 20 cm
336 ## - CONTENT TYPE
Content type term text
Content type code txt
Source rdacontent
337 ## - MEDIA TYPE
Media type term bez média
Media type code n
Source rdamedia
338 ## - CARRIER TYPE
Carrier type term svazek
Carrier type code nc
Source rdacarrier
520 2# - SUMMARY, ETC.
Summary, etc. Další knížka fantazijních pohádek o Kouzelném lese a zvířátkách s čarovnými schopnostmi. Tentokrát je hlavní hrdinkou veverčí tanečnice Viki. Určeno zejména dívkám od 5 let.
Expansion of summary note V Kouzelném lese se bude konat pouť. Veverka Viki by měla společně se svými kamarádkami zatančit zahajovací tanec, jenže nacvičování se nějak nedaří. Viki má pocit, že je to její chyba. Přijde jí na pomoc některý ze zvířecích kamarádů, nebo si bude muset poradit sama? Laskavý příběh pro nejmenší čtenáře o tom, že pomáhat je krásné. Nakladatelská anotace.
521 8# - TARGET AUDIENCE NOTE
Target audience note Pro děti od 5 let
655 #7 - INDEX TERM--GENRE/FORM
Genre/form data or focus term anglicky psané příběhy
Source of term czenas
655 #7 - INDEX TERM--GENRE/FORM
Genre/form data or focus term publikace pro děti
Source of term czenas
655 #9 - INDEX TERM--GENRE/FORM
Genre/form data or focus term stories in English
Source of term eczenas
655 #9 - INDEX TERM--GENRE/FORM
Genre/form data or focus term children's literature
Source of term eczenas
700 1# - ADDED ENTRY--PERSONAL NAME
Personal name Kalinová, Alžběta
Relationship trl
765 1# - ORIGINAL LANGUAGE ENTRY
Title Fairy animals of Misty wood
787 08 - OTHER RELATIONSHIP ENTRY
Relationship information Z cyklu:
Title Zvířátka z Kouzelného lesa
Related parts 6
901 ## - LOCAL DATA ELEMENT A, LDA (RLIN)
b 9788025351611
f 2. vydání
o 20210720
910 ## - USER-OPTION DATA (OCLC)
User-option data ABA001
942 ## - ADDED ENTRY ELEMENTS (KOHA)
Source of classification or shelving scheme Dewey Decimal Classification
Koha item type Krásna literatúra pre deti
Suppress in OPAC No
Holdings
Stav vyradenia Strata Poškodenie Spôsob nadobudnutia Domovská knižnica Aktuálna knižnica Dátum nadobudnutia Total checkouts Čiarový kód exemplára Date last seen Typ exemplára
      Dar Obecná knižnica Horná Štubňa Obecná knižnica Horná Štubňa 06.03.2026   9788833420943 06.03.2026 Krásna literatúra pre deti
Projekt je podporený Slovenskou asociáciou knižníc
Prevádzkuje Turčianska knižnica Martin 2026